000 00492nam a2200169Ia 4500
008 090711s9999 xx 000 0 und d
082 _b401
100 _aइनामदार ना. स.
245 _aझुंज
260 _bकॉन्टीनेन्टल प्रकाशन
_c1998
300 _a620
600 _aइनामदार ना. स.
630 _aझुंज
700 _aइनामदार ना. स.
730 _aझुंज
942 _cBOOK
999 _c337363
_d337363